| 000 | 00466ntaaa2200181 4500 | ||
|---|---|---|---|
| 003 | 01 | ||
| 005 | 20251027201512.0 | ||
| 008 | 0714s1973 ag 01 | ||
| 040 |
_aAR-BaBN _bspa _cAR-BaBN _eaacr _dRIC |
||
| 082 | _a227.3000 W12 | ||
| 100 |
_aWahlstrom, E. H. _913607 |
||
| 245 | _aLet's Look at Paul | ||
| 250 |
_a1 ed. : _bAugustana Press, _cc/960 |
||
| 300 | _aix, 90 p. | ||
| 500 | _aStudies in the life and teachings of Paul | ||
| 650 |
_aPablo _93151 |
||
| 942 | _cBK | ||
| 999 |
_c9614 _d9614 |
||